Sąsiedzi Rosji - Statystyki

Ogólne statystyki
  • Ten quiz został rozwiązany 53 razy
  • Średni wynik to 12 z 15
Statystyki odpowiedzi
Hint Odpowiedź % Poprawnych
Europa Polska
100%
Europa Litwa
98%
Europa Łotwa
98%
Europa Estonia
94%
Europa Ukraina
94%
Azja Chiny
92%
Azja Mongolia
92%
Azja Kazachstan
90%
Europa Finlandia
88%
Azja Gruzja
81%
Azja Korea Północna
79%
Azja Azerbejdżan
73%
Azja Japonia
60%
Europa Norwegia
60%
Azja USA
44%
Nie znaleziono quizów pasujących do podanych kryteriów
Rozkład punktacji
Procent ludzi z każdym wynikiem
Percentyl według liczby udzielonych odpowiedzi
Twoja historia wyników
Nie rozwiązałeś tego quizu